000
00281nam a22001337a 4500
008
171127b xxu||||| |||| 00| 0 eng d
020
_a
9781583714010
041
_a
eng
080
_a
94
100
_a
17
101
_a
HIS
245
_a
HISTORY ALIVE!
_c
HARTER,D
942
_2
udc
_c
BK
999
_c
38537
_d
38537